Statistics for Countries that border Iraq

Click here to take the quiz!

General Stats

  • This quiz has been taken 31 times
  • The average score is 6 of 6

Answer Stats

Country % Correct
Iran
100%
Jordan
100%
Turkey
100%
Saudi Arabia
97%
Syria
97%
Kuwait
94%

Score Distribution

Percentile by Number Answered

Percent of People with Each Score

Your Score History

You have not taken this quiz